000 00337nam a2200145Ia 4500
005 20251222144736.0
008 251222s9999||||xx |||||||||||||| ||spa||
020 _a978-84-277-2036-7
082 _a153.15/S72
100 _aSousa, David A.
245 0 _aNeurociencia Educativa:
250 _a1a.ed.
264 _bNarcea
942 _cLIB
999 _c18766
_d18766